Every 100,000+ city in China: Xinjiang - Statistics

General Stats
  • This quiz has been taken 2 times
  • The average score is 13 of 27
Answer Stats
Letter Population City % Correct
A 527,615 Aksu
100%
A 108,387 Aral
100%
C 584,073 Changji
100%
H 406,229 Hami
100%
H 318,604 Hotan
100%
K 289,245 Karamay
100%
K 813,034 Korla
100%
S 390,178 Shihezi
100%
T 112,198 Turpan
100%
U 4,355,139 Ürümqi
100%
A 146,943 Altay
50%
I 1,036,772 Ili
50%
K 1,179,434 Kashgar
50%
K 154,790 Kuytun
50%
T 160,090 Tacheng
50%
A 104,860 Artux
0%
B 202,560 Beitun
0%
B 196,135 Bole
0%
F 105,437 Fukang
0%
H 102,611 Huocheng
0%
K 110,306 Kuqa
0%
S 105,800 Shanshan
0%
S 128,077 Shawan
0%
T 103,932 Toksun
0%
T 119,232 Tumxuk
0%
W 177,416 Wujiaqu
0%
Y 143,108 Yarkant
0%
No matching quizzes found
Score Distribution
Percent of People with Each Score
Percentile by Number Answered
Your Score History
You have not taken this quiz